LEADER 03300nam0 2200565 i 450 001 BVEE020815 005 20170908093210.0 012 $a8183 8678 inin ocne (3) 1545 (A)$2fei 100 $a20041109d1545 ||||0itac50 ba 101 | $alat 102 $afr 181 1$6z01$ai $bxxxe 182 1$6z01$an 200 1 $aContra haereses. Diui Irenaei episcopi Lugdunensis in quinque libros digestum, in quibus mire retegit & confutat ueterum haereseon impias ac portentosas opiniones, ... emendatum opera Des. Erasmi ... Quibus adcescit rerum et nominum insignum index locupletissimus 210 $aParisijs$capud Maturinum Dupuys, sub signo hominis siluestris, via ad D. Iacobum$d1545$e\\Parigi]$gexcudebat Anthonius Iurianus 215 $a\\16], 496 p.$d8º 300 $aCors. ; gr. ; rom 300 $aSegn.: \\ast]⁸a-z⁸A-H⁸ 300 $aIniziali e fregi xil. 314 $aTipografo.$9BVEV018773 314 $aEditore.$9BVEV036715 316 $a1 v. - Es. censurato. - Timbro RB e nota ms sul front.: Est mon. S. Seuerini de Neap. - Mut. delle c. a1-a4. - Leg. con: Arnobius.Disputationum ...,Basilea,1546$5IT-NA0079, SALA FARN.06. B 0052 500 10$aAdversus haereses.$3BVEE004568$9MILV002915$919476 517 1 $aContra haereses. Divi Irenaei episcopi Lugdunensis in quinque libros digestum$9BVEE020816 620 $dParigi$3TO0L002626 700 0$aIrenaeus$c $3MILV002915$4070$0396755 702 1$aErasmus$b, Desiderius$3CFIV002829 712 02$aJurien, Antoine$3BVEV018773$4650 712 02$aDu Puys, Mathurinum$3BVEV036715$4650 790 0$aErasmus Desiderius : Roterodamus$3BVEV000675$zErasmus, Desiderius 790 1$aGeertsz$b, Geert$3CFIV002832$zErasmus, Desiderius 790 0$aErasmo : da Rotterdam$3CFIV027058$zErasmus, Desiderius 790 0$aErasmus Roterodamus$3CFIV028884$zErasmus, Desiderius 790 0$aÉrasme$3CFIV049115$zErasmus, Desiderius 790 0$aEràsimu : de Ròtterdam$3CFIV278429$zErasmus, Desiderius 790 0$aErasmus : Roterodamus$3PUVV171349$zErasmus, Desiderius 790 0$aDesiderius Erasmus$3SBNV047269$zErasmus, Desiderius 790 0$aIrené : de Lyon$c $3MILV016613$zIrenaeus 790 0$aIrenaeus : Lugdunensis$c $3MILV127255$zIrenaeus 790 0$aIreneo : di Lione$c $3RAVV104759$zIrenaeus 791 02$a˜Sub signo œhominis sylvestris, ac insigni Frobeniano$3BVEV037579$zDu Puys, Mathurinum 801 3$aIT$bIT-NA0079$c20041109 850 $aIT-NA0079 899 1$aBiblioteca Nazionale Vittorio Emanuele III$bNA0079$eS$uhttp://books.google.com/books?vid=IBNN:BNANT001739774 912 $aBVEE020815 950 0$aBiblioteca Nazionale Vittorio Emanuele III$b1 v.$c1 v.$d BNSALA FARN.06. B 0052$e BNANT0017397745 B (1 1 v. - Es. censurato. - Timbro RB e nota ms sul front.: Est mon. S. Seuerini de Neap. - Mut. delle c. a1-a4. - Leg. con: Arnobius.Disputationum ...,Basilea,1546$fC $h20041109$i20041109 956 $aBiblioteca Nazionale Vittorio Emanuele III$b1$cBNTD$d$eBNANT001739774$uhttp://books.google.com/books?vid=IBNN:BNANT001739774$z BNSALA FARN.06. B 0052 977 $a BN 996 $aAdversus haereses$919476 997 $aUNISANNIO LEADER 01066nam0 22003133i 450 001 UBO2513958 005 20231121125858.0 010 $a881158356X 100 $a20220216d1994 ||||0itac50 ba 101 | $aita 102 $ait 181 1$6z01$ai $bxxxe 182 1$6z01$an 200 1 $aDaniele Cortis$fAntonio Fogazzaro$gintroduzione di Mario Santoro 205 $a2. ed 210 $aMilano$cGarzanti$d1994 215 $aXL, 303 p.$d18 cm. 225 | $aI grandi libri Garzanti$v356 410 0$1001CFI0000048$12001 $aI grandi libri Garzanti$v356 700 1$aFogazzaro$b, Antonio$3CFIV000102$4070$0161522 702 1$aSantoro$b, Mario$f <1913-1989>$3CFIV004114 801 3$aIT$bIT-01$c20220216 850 $aIT-FR0017 899 $aBiblioteca umanistica Giorgio Aprea$bFR0017 $eN 912 $aUBO2513958 950 0$aBiblioteca umanistica Giorgio Aprea$d 52MAG 7/1344$e 52FLS0000156285 VMB RS $fA $h20220216$i20220216 977 $a 52 996 $aDaniele Cortis$998959 997 $aUNICAS